Հոգու անմահության երազներ / (Record no. 540691)
[ view plain ]
| 000 -LEADER | |
|---|---|
| fixed length control field | 00932nam a2200217 a 4500 |
| 001 - CONTROL NUMBER | |
| control field | 000517842 |
| 003 - CONTROL NUMBER IDENTIFIER | |
| control field | AM-YEHGA |
| 005 - DATE AND TIME OF LATEST TRANSACTION | |
| control field | 20260325161907.0 |
| 008 - FIXED-LENGTH DATA ELEMENTS--GENERAL INFORMATION | |
| fixed length control field | 070125s1997 ai a||||||||||||||||arm|d |
| 040 ## - CATALOGING SOURCE | |
| Original cataloging agency | AM-YEHGA |
| 041 0# - LANGUAGE CODE | |
| Language code of text/sound track or separate title | arm |
| 100 1# - MAIN ENTRY--PERSONAL NAME | |
| Personal name | Չոբանյան, Սուսաննա |
| 245 10 - TITLE STATEMENT | |
| Title | Հոգու անմահության երազներ / |
| Statement of responsibility, etc. | Ս. Չոբանյան ; Խմբ.՝ Հ. Գրիգորյան; Նկ.՝ Կ. Պարոնյան. |
| 260 ## - PUBLICATION, DISTRIBUTION, ETC. | |
| Place of publication, distribution, etc. | Երևան : |
| Name of publisher, distributor, etc. | Ա. հ., |
| Date of publication, distribution, etc. | 1997. |
| 300 ## - PHYSICAL DESCRIPTION | |
| Extent | 66 էջ : |
| Other physical details | դիմանկ., նկ. ; |
| Dimensions | 20 սմ. |
| 650 14 - SUBJECT ADDED ENTRY--TOPICAL TERM | |
| Topical term or geographic name entry element | Հոգեբանություն |
| General subdivision | Առանձնահատուկ հոգեվիճակ (քուն, երազ, հիպնոս) |
| 650 14 - SUBJECT ADDED ENTRY--TOPICAL TERM | |
| Topical term or geographic name entry element | Հավիտենական կյանք |
| General subdivision | Հանդերձյալ կյանք |
| 700 1# - ADDED ENTRY--PERSONAL NAME | |
| Personal name | Գրիգորյան, Հովհաննես Երվանդի, |
| Dates associated with a name | 1945-2013 |
| Relator term | խմբ. |
| Relationship | edt |
| 9 (RLIN) | 1645 |
| 700 1# - ADDED ENTRY--PERSONAL NAME | |
| Personal name | Պարոնյան, Կարեն |
| Relator term | նկ. |
| Relationship | ill |
| 942 ## - ADDED ENTRY ELEMENTS (KOHA) | |
| Source of classification or shelving scheme | Universal Decimal Classification |
| Koha item type | Գրքեր / Books |
| Withdrawn status | Lost status | Damaged status | Not for loan | Collection | Home library | Current library | Date acquired | Total checkouts | Full call number | Barcode | Date last seen | Price effective from | Koha item type | Public note |
|---|---|---|---|---|---|---|---|---|---|---|---|---|---|---|
| General | Fundamental Scientific Library | Fundamental Scientific Library | 16/12/2025 | AII/113904 | FL0701930 | 16/12/2025 | 16/12/2025 | Գրքեր / Books | 30 Days Loan |
ՀՀ Գիտությունների ազգային ակադեմիայի հիմնարար գիտական գրադարան = Fundamental Scientific Library of NAS RA
All site content, except where otherwise noted, is licensed under a